New product development among small industrial firms: a comparative assessment of the role of technical service linkages in Toronto and Buffalo.
Porovnanie inovačnej činnosti a charakteristika vonkajších väzieb malých priemyselných podnikov na príklade Toronta a Buffala. Význam činnosti technických poradcov vo výrobných službách pri vývoji nových výrobkov v malých podnikoch. Pozitívne vzťahy medzi inováciami a škálou, podstatou a geografický...
Salvato in:
| Autore principale: | |
|---|---|
| Natura: | Capitolo di libro |
| Lingua: | inglese |
| Soggetti: | |
| Tags: |
Nessun Tag, puoi essere il primo ad aggiungerne!!
|
MARC
| LEADER | 00000naa a2200000 4500 | ||
|---|---|---|---|
| 001 | r004848 | ||
| 005 | 20221213084056.9 | ||
| 041 | 0 | |a eng | |
| 044 | |a US | ||
| 245 | 1 | 0 | |a New product development among small industrial firms: a comparative assessment of the role of technical service linkages in Toronto and Buffalo. |c A. Macpherson |
| 520 | |a Porovnanie inovačnej činnosti a charakteristika vonkajších väzieb malých priemyselných podnikov na príklade Toronta a Buffala. Význam činnosti technických poradcov vo výrobných službách pri vývoji nových výrobkov v malých podnikoch. Pozitívne vzťahy medzi inováciami a škálou, podstatou a geografickým rozšírením využívania vonkajších služieb. Ideálna sieť podpory výrobných služieb pre inovácie. | ||
| 610 | 2 | 0 | |a inovácia |
| 610 | 2 | 0 | |a podnik malý |
| 610 | 2 | 0 | |a podnik priemyselný |
| 610 | 2 | 0 | |a vývoj výrobku |
| 610 | 2 | 0 | |a služby výrobné |
| 610 | 2 | 0 | |a služby technické |
| 610 | 2 | 0 | |a poradenstvo technické |
| 610 | 2 | 0 | |a Toronto |
| 610 | 2 | 0 | |a Buffalo |
| 610 | 2 | 0 | |a USA |
| 610 | 2 | 0 | |a Kanada |
| 100 | 1 | |a Macpherson, A. | |